000
00205 a2200097 4500
001
46137
100
_a
Gardiner R
245
_a
The Perfect Lawn
260
_a
London
_b
Ward Lock
_c
090
_c
29240
_d
29240
942
_a
NUST-CAE
_c
M
_c
21381
999
_c
281210
_d
281210